Reingeniería humana (Registro nro. 2621)
[ vista simple ]
| 000 -LEADER | |
|---|---|
| fixed length control field | 01062 a2200217 4500 |
| 001 - CONTROL NUMBER | |
| control field | 36168 |
| 005 - DATE AND TIME OF LATEST TRANSACTION | |
| control field | 20260407155638.0 |
| 008 - FIXED-LENGTH DATA ELEMENTS--GENERAL INFORMATION | |
| fixed length control field | 260407a1996 arg spa d |
| 003 - CONTROL NUMBER IDENTIFIER | |
| control field | AR-UNSa-BCEJYS |
| 040 ## - CATALOGING SOURCE | |
| Original cataloging agency | AR-UNSa-BCEJYS |
| Language of cataloging | spa |
| Transcribing agency | AR-UNSa-BCEJYS |
| 080 ## - UNIVERSAL DECIMAL CLASSIFICATION NUMBER | |
| Universal Decimal Classification number | 658.016.7 |
| Common auxiliary subdivision | Principios generales. Eficiencia. Racionalización. Productividad (Reingeniería) |
| 020 ## - INTERNATIONAL STANDARD BOOK NUMBER | |
| International Standard Book Number | 84-8088-145-3 |
| 100 1# - MAIN ENTRY--PERSONAL NAME | |
| Personal name | Senelle, Andrés |
| 245 10 - TITLE STATEMENT | |
| Title | Reingeniería humana |
| 264 #1 - PRODUCTION, PUBLICATION, DISTRIBUTION, MANUFACTURE, AND COPYRIGHT NOTICE | |
| Place of production, publication, distribution, manufacture | Barcelona : |
| Name of producer, publisher, distributor, manufacturer | Gestión 2000 |
| Date of production, publication, distribution, manufacture, or copyright notice | 1996 |
| 300 ## - PHYSICAL DESCRIPTION | |
| Extent | 111 p. |
| Dimensions | 23 cm. |
| 505 ## - FORMATTED CONTENTS NOTE | |
| Formatted contents note | 1. Gestión de los recursos humanos - 2. Visión de la economía competitiva - 3. Los estilos de dirección - 4. Selección y planificación dde recursos - 5. Técnicas de reuniones - 6. Análisis de los grupos - 7. Técnicas de intervención para conductores de grupos - 8. Herramientas para el exitos en la gestión - 9.La satisfacción del cliente. |
| 590 ## - LOCAL NOTE (RLIN) | |
| Local note | niveau_biblio:m niveau_hierar:0 |
| 856 41 - ELECTRONIC LOCATION AND ACCESS | |
| Uniform Resource Identifier | <a href="https://biblioeco.unsa.edu.ar/pmb/images/libros/L85402.jpg">https://biblioeco.unsa.edu.ar/pmb/images/libros/L85402.jpg</a> |
| Link text | Imagen de portada |
| Electronic format type | image/jpeg |
| 942 ## - ADDED ENTRY ELEMENTS (KOHA) | |
| Koha item type | |
| Withdrawn status | Lost status | Damaged status | Not for loan | Home library | Current library | Shelving location | Date acquired | Total checkouts | Full call number | Barcode | Date last seen | Price effective from | Koha item type |
|---|---|---|---|---|---|---|---|---|---|---|---|---|---|
| Biblioteca Prof. Eusebio Cleto del Rey | Biblioteca Prof. Eusebio Cleto del Rey | 07/04/2026 | 658.016.7 S475 | L85403 | 07/04/2026 | 07/04/2026 | Libro | ||||||
| Biblioteca Prof. Eusebio Cleto del Rey | Biblioteca Prof. Eusebio Cleto del Rey | 07/04/2026 | 658.016.7 S475 | L85404 | 07/04/2026 | 07/04/2026 | Libro | ||||||
| Biblioteca Prof. Eusebio Cleto del Rey | Biblioteca Prof. Eusebio Cleto del Rey | 07/04/2026 | 658.016.7 S475 | L85402 | 07/04/2026 | 07/04/2026 | Libro | ||||||
| Biblioteca Prof. Eusebio Cleto del Rey | Biblioteca Prof. Eusebio Cleto del Rey | 07/04/2026 | 658.016.7 S475 | L87134 | 07/04/2026 | 07/04/2026 | Libro |